Postavenie Slovenska v Európskej únii

Bibliographic Details
Main Author: Šíbl, Drahoš, 1934-2007 (Author)
Format: Book
Language:Slovak
PhysicalDescription:249 strán tabuľky 21 cm
Published: Bratislava Ekonóm 2004
ISBN:8022518654
Edition:1. vyd.
Subjects:

MARC

LEADER 00000cam a2200000 a 4500
001 vtls001483977
003 SK-MaSNL
005 20260426014600.0
008 240226s2004 xo l grn 000 0 slo
015 |a SNBA2004/11-06404 
020 |a 8022518654  |q (brožované) 
035 |a SNK000439271 
035 |a urn:nbn:sk:snk-am3j3bp 
035 |a 1E04650F-7F1F-400E-A985-F4F902199540 
035 |a urn:nbn:sk:snk-am00gi7i 
040 |a SNK  |b slo  |c SNK  |e AACR2 
041 0 |a slo 
043 |a e-xo---  |a e------ 
044 |a xo  |c SK 
072 7 |a 327  |x Medzinárodné vzťahy, svetová politika  |2 konspekt 
072 7 |a 339.7/.9  |x Svetová ekonomika a medzinárodné financie  |2 konspekt 
080 |a [339.923+327](4)  |2 2011 
080 |a (4)  |2 2011 
080 |a (437.6)  |2 2011 
080 |a (048.8)  |2 2011 
080 |a [339.922+327](4)  |2 2011 
100 1 |a Šíbl, Drahoš,  |d 1934-2007  |4 aut  |9 244648 
245 1 0 |a Postavenie Slovenska v Európskej únii  |c Drahoš Šíbl a kolektív 
250 |a 1. vyd. 
260 |a Bratislava  |b Ekonóm  |c 2004 
300 |a 249 strán  |b tabuľky  |c 21 cm 
366 |e 200 kusov 
504 |a Bibliografia na strane 249 
610 2 7 |a Európska únia  |2 SNKKA  |9 29861 
650 0 7 |a európska integrácia  |2 SNKPH  |9 2140 
650 0 7 |a rozširovanie Európskej únie  |2 SNKPH  |9 3624 
651 7 |a Slovensko  |2 SNKPHgeo  |9 14231 
651 7 |a krajiny Európskej únie  |2 SNKPHgeo  |9 31482 
655 7 |a monografie  |2 SNKPH  |9 70139 
919 |a 80-225-1865-4 
958 |a NB 
958 |a OND 
999 |c 1162015  |d 1163945 
952 |t P60, <03>, [BOOK], {603}, -K-  |a SNK  |b SNK  |y PREZ  |7 0  |p 17A0448667  |o snkSC 117719  |i snkKSP 13713/2004  |0 0  |1 0  |4 0  |d 2004-10-22  |f 1  |l 0  |r 2025-10-07 00:00:00  |w 2026-02-24 
952 |t snkSIB 339.9(437.6)   |a SNKUST  |b SNKUST  |y PREZ  |7 0  |p 17A0448668  |o snkSC 117719 D1  |i snkKSP 13714/2004  |0 0  |1 0  |4 0  |d 2004-10-22  |l 0  |r 2025-05-30 00:00:00  |w 2026-02-24